Регионална библиотека "Любен Каравелов" - Русе

Методическо ръководство за обучение по физическо възпитание и спорт в начална училищна възраст (Запис номер 333059)

MARC детайли
000 -Лидер
Контролно поле с фиксирана дължина 01880nam a2200349 a 4500
003 - Код на организацията, давaща контролен номер
Контролно поле BLK
005 - Дата и час на последна редакция
Контролно поле 20241119161242.0
008 - Елементи от данни с фиксирана дължина
fixed length control field 190717b bu ||||| |||| 00| 0 bu d
020 ## - Международен стандартен номер на книга ISBN
Международен стандартен номер на книга ISBN 9789548467261
040 ## - Източник на каталожния запис
Идентификатор на билиотеката - собственик на записа BLK
041 ## - Код за език
Код за езика на текст/звукозапис или на отделно заглавие Български
Код за езика КДБФ Български
080 ## - УДК
Текстов определител УДК Физическо възпитание в основното училище
УДК код - определител по УДК 372.879.6
УДК - код + определител 372.879.6
100 1# - Редна дума - Автор
R(LIN) 268071
Автор Момчилова, Антоанета Иванова
Авторска отговорност първи автор
139 ## - Редно поле
Редна дума Момчилова, Антоанета Иванова
Авторски знак Мом - М 84
245 ## - Сведения за заглавието
Заглавие Методическо ръководство за обучение по физическо възпитание и спорт в начална училищна възраст
Подзаглавни данни за студенти със специалности Начална училищна педагогика и чужд език и Предучилищна и начална училищна педагогика
260 ## - Област на издателските данни
9 (RLIN) 213398
Място на издаване, разпространение и проч. Русе : Русенски унив. "Ангел Кънчев"
Име на издателя, разпространителя и проч. Медиатех
Година на издаване 2011 г.
Информация за издателството 978-954-8467, 978-954-92342, 978-954-92424
Издателство - префикс ISBN 978-619-207- ; 978-954-8467- ; 978-619-7071- ; 954-91714-
300 ## - Физическа характеристика
Страници 173 с.
Илюстрации и др. с табл.
Размери/Мащаб 22 см
380 ## - Жанр
Жанр Обществени науки
500 ## - Общи забележки
Забележка Изд. на Русенски унив. А. Кънчев
653 #7 - Ключова дума – ненормативна
9 (RLIN) 199104
Ключова дума учебници за ВУЗ
653 #7 - Ключова дума – ненормативна
9 (RLIN) 195871
Ключова дума Русенски университет
653 #7 - Ключова дума – ненормативна
9 (RLIN) 190921
Ключова дума методики
700 ## - Други автори (авторска отговорност)
Лично име Илиева, Искра Стефанова
Звания и думи, свързани с автора гл. ас. д-р
Автороска отговорност (Описва отношението между автора и произведението) съавт.
9 (RLIN) 1445
700 ## - Други автори (авторска отговорност)
9 (RLIN) 1311
Лично име Момчилова, Антоанета
Автороска отговорност (Описва отношението между автора и произведението) ред.
700 ## - Други автори (авторска отговорност)
9 (RLIN) 389548
Лично име Филев, Филип
Звания и думи, свързани с автора проф.
Автороска отговорност (Описва отношението между автора и произведението) рецензент
852 ## - Местоположение
Форматна сигнатура Цб 295942
999 ## - СИСТЕМНИ КОНТРОЛНИ НОМЕРА
Koha biblionumber 333059
Koha biblioitemnumber 333059
942 ## - АРТИКУЛИ
Вид на библиотечния материал Книги
Скрит в OPAC Не
Koha issues (borrowed), all copies 13
944 ## - СЪЗДАВАНЕ И РЕДАКЦИЯ на ЗАПИСА
Създаване/Редакция Създаване
Дата на регистрацията/редакция 2019-07-17
Служител, извършил регистрацията/редакцията 30531
Статус, дата на статуса Цветелина Шанова
999 ## - СИСТЕМНИ КОНТРОЛНИ НОМЕРА
Koha biblioitemnumber 333059
999 ## - СИСТЕМНИ КОНТРОЛНИ НОМЕРА
Koha biblioitemnumber 333059
999 ## - СИСТЕМНИ КОНТРОЛНИ НОМЕРА
Koha biblioitemnumber 333059
Наличности
Код за отписване Код за изгубен артикул Източник на класификационната схема Код за повреда Коз за рестрикции Код за отдаване Артикулен № Име на библиотеката - собственик Име на библиотеката, в която се намира в момента Статус (Текущо местоположение) Дата на вписване в системата Местоположение - отдел Цена в лева Систематично азбучна сигнатура Баркод Цена в евро Служебен тип на артикула
  Не е изгубен Universal Decimal Classification Не е повреден без рестрикции заемане за дома 731030 Регионална библиотека "Любен Каравелов" Русе Регионална библиотека "Любен Каравелов" Русе Заемна - подръчен фонд 2019-07-19 Заемна - подръчен фонд 8.00 П 373.3.016/М 84 120000834467 4.09 Книги
  Не е изгубен Universal Decimal Classification Не е повреден без рестрикции ползва се в читалня 731032 Регионална библиотека "Любен Каравелов" Русе Регионална библиотека "Любен Каравелов" Русе Хранилище 2019-07-19 Основен фонд - ползва се само за читалня 8.00 Цб 295942 120000834469 4.09 Книги
Vip Innovations Ltd, Rousse, Bulgaria 2025